[Event "Julian Mazur Memorial"]
[Site "Wellington Chess Club"]
[Date "2012.11.29"]
[Round "5"]
[White "Sknar, Andrew"]
[Black "Marney, John"]
[Result "0-1"]
[WhiteElo "1011"]
[BlackElo "1610"]

1. e4 e5 2. Nf3 Nc6 3. Bc4 Bc5 4. O-O Nf6 5. Nc3 d6 6. d3 h6 7. Bd2 Bg4 8. h3
Bh5 9. Bb5 a6 10. Ba4 b5 11. Bb3 Nd4 12. Nxd4 Bxd1 13. Raxd1 Bxd4 14. Ne2 Bxb2
15. Rb1 Ba3 16. c4 O-O 17. cxb5 axb5 18. Ng3 Qd7 19. Bc2 d5 20. exd5 Qxd5 21.
Nf5 Rfe8 22. d4 exd4 23. Bd3 Qxa2 24. Bxb5 Qxd2 25. Bxe8 Rxe8 26. Rb3 Qa2 27.
Rd3 Rd8 28. Re1 c5 29. Ne7+ Kf8 30. Kf1 c4 31. Rd2 Qxd2 0-1

[Event "Julian Mazur Memorial"]
[Site "Wellington Chess Club"]
[Date "2012.11.29"]
[Round "5"]
[White "Veldhuizen, Matt"]
[Black "Farrington, Lawrence"]
[Result "0-1"]
[WhiteElo "1573"]
[BlackElo "1751"]

1. c4 Nc6 2. g3 e5 3. Bg2 g6 4. Nc3 Bg7 5. Nf3 d6 6. d3 Bg4 7. O-O Qd7 8. Re1
a6 9. a3 O-O-O 10. Rb1 Bh3 11. Bh1 h5 12. Be3 Qg4 13. Ng5 Nh6 14. Bf3 Qd7 15.
Nxh3 Qxh3 16. Bg2 Qd7 17. Bxh6 Rxh6 18. b4 f5 19. Qd2 h4 20. Bh3 hxg3 21. Kg2
gxf2 22. Rf1 Rdh8 23. Rxf2 Rxh3 24. Rh1 Qd8 25. e3 Qg5+ 26. Kf1 Qxe3 27. Nd5
Qxd2 28. Rxd2 g5 29. a4 Kd7 30. b5 axb5 31. axb5 Ne7 32. Nb4 Ra8 33. Kg2 g4 34.
d4 Ra4 0-1

[Event "Julian Mazur Memorial"]
[Site "Wellington Chess Club"]
[Date "2012.11.29"]
[Round "5"]
[White "Wastney, Scott"]
[Black "Ker, Anthony"]
[Result "1-0"]
[WhiteElo "2381"]
[BlackElo "2449"]

1. e4 g6 2. d4 Bg7 3. Nc3 d6 4. f4 a6 5. Nf3 b5 6. Bd3 Bb7 7. Qe2 b4 8. Nd1 Nf6
9. e5 Nd5 10. e6 f5 11. c4 bxc3 12. bxc3 c5 13. Rb1 Qc8 14. c4 Nb4 15. d5 Nxd5
16. cxd5 Bxd5 17. Ne3 Bxe6 18. Bc4 Bxc4 19. Nxc4 Qc6 20. Ng5 Nd7 21. Qe6 Rf8
22. O-O Bd4+ 23. Kh1 Rf6 24. Qg8+ Rf8 25. Qxh7 d5 26. Re1 O-O-O 27. Na5 Qa4 28.
Bd2 Qxa2 29. Red1 (29. Qxe7 Qxd2 30. Rb8+ Kxb8 31. Qd6+ Ka8 32. Qxd5+ Ka7 33.
Qb7# {is how the computer finishes the game!} ) 29... Bf6 30. Nc6 Bxg5 31. fxg5
Rde8 32. Nxe7+ Kd8 33. Ba5+ $1 1-0

[Event "Julian Mazur Memorial"]
[Site "Wellington Chess Club"]
[Date "2012.12.06"]
[Round "6"]
[White "Roberts, Michael"]
[Black "Sellen, Ian"]
[Result "0-1"]
[WhiteElo "1843"]
[BlackElo "2039"]

1. d4 d5 2. c4 e6 3. Nc3 Nf6 4. Bg5 Be7 5. e3 h6 6. Bh4 O-O 7. Nf3 b6 8. cxd5
exd5 9. Bb5 c6 10. Bd3 Nbd7 11. O-O Re8 12. a3 a5 13. Rc1 Ba6 14. Bxa6 Rxa6 15.
Qd3 Qa8 16. Bg3 Nh5 17. Nh4 Nxg3 18. hxg3 Bxh4 19. gxh4 Ra7 20. Na4 Re6 21. Rc2
Qd8 22. g3 Qf6 23. f4 Qe7 24. Kf2 Ra8 25. Re1 Re8 26. Kf3 Qf6 27. b4 axb4 28.
axb4 Re4 29. Kf2 Qe6 30. Nc3 Nf6 31. Nxe4 Nxe4+ 32. Kg1 Qh3 33. Rg2 Ra8 (33...
Nxg3 34. e4 Qh1+ 35. Kf2 Nxe4+ 36. Qxe4 Qxh4+) 34. Qc2 Nxg3 35. Rh2 Qe6 36. Qg2
Nh5 37. Qf3 Nf6 38. Rg2 Ra3 39. h5 Qd6 40. Rc1 Qxb4 41. Rxc6 $2 Qe1+ 42. Kh2
Ra1 $2 (42... Rxe3 43. Rc8+ Kh7 {followed by ...Qh4 is way better} ) 43. Rc8+
Kh7 44. Kh3 Qh1+ 45. Kg3 Nxh5+ 46. Kf2 $4 Ra2+ (46... Qe1# { would be
conclusive, but never mind!} ) 0-1

[Event "Julian Mazur Memorial"]
[Site "Wellington Chess Club"]
[Date "2012.12.06"]
[Round "6"]
[White "Veldhuizen, Matt"]
[Black "Stracy, Don"]
[Result "1-0"]
[WhiteElo "1573"]
[BlackElo "1828"]

1. c4 Nf6 2. g3 e5 3. Bg2 c6 4. Nc3 d5 5. cxd5 cxd5 6. Qb3 Nc6 7. e3 Na5 8. Qc2
Be6 9. Nge2 Be7 10. d4 Nc6 11. Qd1 O-O 12. O-O Qd7 13. Re1 Rfd8 14. dxe5 Nxe5
15. Nd4 a6 16. Nxe6 Qxe6 17. Ne2 Rac8 18. Nd4 Qd7 19. b3 Bb4 20. Re2 Ne4 21.
Bb2 Nc3 22. Bxc3 Rxc3 23. a3 Rd3 24. Qb1 Ba5 25. f4 Rxd4 26. exd4 Nc6 27. Qd3
Bb6 28. Kh1 Nxd4 29. Re5 Qb5 30. Rae1 g6 31. Qxb5 axb5 32. Re8+ Rxe8 33. Rxe8+
Kg7 34. Bxd5 Nf5 35. Re4 Nd6 36. Re7 Nf5 37. Rxf7+ Kh6 38. Rxb7 Bc5 39. b4 Be3
40. Bg8 Ng7 41. Rxb5 Bc1 42. a4 Bd2 43. Rb7 Bc3 44. a5 g5 45. fxg5+ Kxg5 46.
Rxg7+ 1-0

[Event "Julian Mazur Memorial"]
[Site "Wellington Chess Club"]
[Date "2012.12.06"]
[Round "6"]
[White "Whittle, Jonathon"]
[Black "Aldridge, Alan"]
[Result "0-1"]
[WhiteElo "1637"]
[BlackElo "1959"]

1. Nf3 e6 2. c4 Nf6 3. g3 Be7 4. Bg2 O-O 5. O-O d5 6. b3 b6 7. Bb2 Bb7 8. e3
dxc4 9. bxc4 c5 10. Nc3 Nc6 11. Ne5 Qc8 12. d4 Rd8 13. Nxc6 Bxc6 14. d5 Qa6 15.
Qb3 exd5 16. Nxd5 Nxd5 17. Rfd1 Nb4 18. Rxd8+ Rxd8 19. a3 Bxg2 20. axb4 Qb7 21.
bxc5 Bh3 22. e4 Qxe4 0-1

[Event "Julian Mazur Memorial"]
[Site "Wellington Chess Club"]
[Date "2012.12.13"]
[Round "6"]
[White "Farrington, Lawrence"]
[Black "Cook, John"]
[Result "1/2-1/2"]
[WhiteElo "1751"]
[BlackElo "1611"]

1. e4 c5 2. c3 e5 3. d4 cxd4 4. cxd4 exd4 5. Qxd4 Nc6 6. Qd1 Bb4+ 7. Bd2 Nf6 8.
Nc3 O-O 9. Bd3 Ne5 10. Qc2 Re8 11. Nge2 Nfg4 12. O-O Qc7 13. Bf4 Bxc3 14. bxc3
b6 15. h3 Nf6 16. Kh1 Bb7 17. f3 Nh5 18. Bh2 Qc8 19. c4 Ba6 20. Rac1 Nf6 21.
Nf4 Qb7 22. Rfd1 Rac8 23. Qb3 Qc6 24. Nd5 Nxd3 25. Nxf6+ Qxf6 26. Qxd3 Re7 27.
Qd4 Qe6 28. c5 Bb5 29. cxb6 Rxc1 30. Rxc1 axb6 31. a3 Re8 32. Rb1 Bc6 33. Qxb6
Qa2 34. Qb3 Qxb3 35. Rxb3 g6 36. Bf4 Ra8 37. Bh6 f6 38. Be3 Kf7 39. Kg1 Ke6 40.
Bd4 f5 41. exf5+ Kxf5 42. Kf2 Ra4 43. Ke3 Ra8 44. Rc3 Ra4 45. Bc5 Ra8 46. Bb4
Rc8 47. Kf2 Ra8 48. Rc5+ Ke6 49. f4 Kf7 50. g3 Ke6 51. g4 Kf7 52. Kg3 Re8 53.
Re5 Rxe5 54. fxe5 Ke6 55. Bd6 g5 56. h4 1/2-1/2

[Event "Julian Mazur Memorial"]
[Site "Wellington Chess Club"]
[Date "2012.12.13"]
[Round "6"]
[White "Nijman, Brian"]
[Black "Ker, Anthony"]
[Result "0-1"]
[WhiteElo "2157"]
[BlackElo "2449"]

1. e4 d6 2. d4 Nf6 3. Nc3 g6 4. Bg5 Bg7 5. Qe2 O-O 6. O-O-O Nc6 7. e5 Nd7 8.
exd6 cxd6 9. Nf3 Nf6 10. d5 Nb4 11. Qc4 Qa5 12. a3 Na6 13. Qa4 Qb6 14. Kb1 Bd7
15. Qb3 Qc7 16. Bb5 Nc5 17. Qc4 Rac8 18. Rhe1 Rfe8 19. Bxd7 Qxd7 20. Qh4 a5 21.
Re3 b5 22. Nd4 b4 23. axb4 axb4 24. Rh3 bxc3 25. Bxf6 exf6 26. Qxh7+ Kf8 27.
Rxc3 Rb8 28. Nc6 Na4 29. Rb3 Rxb3 30. cxb3 Qf5+ 31. Kc1 0-1

[Event "Julian Mazur Memorial"]
[Site "Wellington Chess Club"]
[Date "2012.12.13"]
[Round "6"]
[White "Stone, Andrew"]
[Black "List, Robert"]
[Result "0-1"]
[WhiteElo "2035"]
[BlackElo "1539"]

1. e4 e6 2. d4 d5 3. Nc3 Nf6 4. e5 Nfd7 5. f4 c5 6. Nf3 Nc6 7. Be3 Qb6 8. Qd2
cxd4 9. Nxd4 Nxd4 10. Bxd4 Qd8 11. Qe3 a6 12. O-O-O b5 13. Bd3 Be7 14. f5 Bg5
15. Rhe1 Bxe3+ 16. Bxe3 Nb6 17. Bc5 d4 18. Nxb5 axb5 19. Bxb5+ Bd7 20. Rxd4 Nd5
21. Bxd7+ Qxd7 22. Rd3 Qc6 23. b4 Rxa2 24. Kd1 Qa4 25. Rd2 Rxc2 0-1

[Event "Julian Mazur Memorial"]
[Site "Wellington Chess Club"]
[Date "2012.12.13"]
[Round "7"]
[White "Aldridge, Alan"]
[Black "Sellen, Ian"]
[Result "0-1"]
[WhiteElo "1959"]
[BlackElo "2039"]

1. b3 Nf6 2. Bb2 d5 3. e3 Nc6 4. f4 Bf5 5. Nf3 h5 6. Bd3 Ne4 7. O-O Qd7 8. Qe2
h4 9. Bxe4 dxe4 10. Ne5 Nxe5 11. fxe5 Rh7 12. Nc3 g6 13. a4 Bg7 14. Nb5 a6 15.
Na3 Rd8 16. Rf2 Qd5 17. Nc4 b5 18. axb5 axb5 19. Na5 Bxe5 20. Bxe5 Qxe5 21.
Raf1 Qc5 $4 22. Nb7 Qxc2 23. Nxd8 Kxd8 24. Qxb5 Qd3 25. Qb8+ Kd7 26. Rc1 Qd6
27. Qb5+ Kd8 28. Ra1 Bc8 29. Ra8 Qe6 30. Qc4 Qxc4 31. bxc4 Kd7 32. d3 exd3 33.
Rd2 Bb7 34. Rxd3+ Kc6 35. Ra5 Bc8 36. h3 Be6 37. Rd4 Rh8 38. Kf2 Kb6 39. Rb5+
Kc6 40. Re5 Kb6 41. Ree4 g5 42. Re5 Rg8 43. Rde4 Rg6 44. Ke1 c5 45. Ke2 Kc6 46.
Kf3 Kd6 47. g3 hxg3 48. Kxg3 f5 49. Rxe6+ Rxe6 50. Rxe6+ Kxe6 {White lost on
time} 0-1

[Event "Julian Mazur Memorial"]
[Site "Wellington Chess Club"]
[Date "2012.12.13"]
[Round "7"]
[White "Farrington, Lawrence"]
[Black "Jackson, Ross"]
[Result "1/2-1/2"]
[WhiteElo "1751"]
[BlackElo "2026"]

1. e4 c5 2. c3 Nf6 3. e5 Nd5 4. d4 cxd4 5. cxd4 e6 6. a3 Na6 7. Nf3 Be7 8. Bd3
b6 9. Qe2 Nac7 10. O-O Bb7 11. Nbd2 Nf4 12. Qe3 Ncd5 13. Qe4 Nxd3 14. Qxd3 Qc8
15. Re1 Ba6 16. Qe4 g6 17. Nf1 Bb7 18. Qd3 h6 19. Bd2 Qd8 20. Ng3 Rc8 21. Rac1
Rxc1 22. Rxc1 Qa8 23. Ne4 Nf4 24. Bxf4 Bxe4 25. Qc3 Bc6 26. Ne1 g5 27. Bd2 O-O
28. f3 Bb7 29. Qe3 Rc8 30. Nd3 Rxc1+ 31. Bxc1 Qc8 32. Nf2 f5 33. exf6 Bxf6 34.
Bd2 Qc2 35. Ng4 Qd1+ 36. Kf2 Bg7 37. Bc3 Qc2+ 38. Qe2 Qxe2+ 39. Kxe2 d6 40. Nf2
Bf8 41. Ke3 Kf7 42. Ne4 d5 43. Nf2 h5 44. h3 Bd6 45. Nd3 Ba6 46. Ne5+ Ke8 47.
g3 Bf1 48. h4 gxh4 49. gxh4 a5 50. Kf2 Bh3 51. Kg3 Bf5 52. Kf4 Be7 53. Kg3 Bd6
54. Kf4 Be7 55. Kg3 Bf6 56. f4 Bxe5 57. fxe5 Kd7 58. Kf4 Kc6 59. Ke3 Kb5 60.
Kd2 Kc4 61. Ke3 1/2-1/2

[Event "Julian Mazur Memorial"]
[Site "Wellington Chess Club"]
[Date "2012.12.13"]
[Round "7"]
[White "Ker, Anthony"]
[Black "Brockway, Andrew"]
[Result "1-0"]
[WhiteElo "2452"]
[BlackElo "1789"]

1. e4 c5 2. c3 g6 3. d4 cxd4 4. cxd4 d5 5. Nc3 dxe4 6. Bc4 Nf6 7. Qb3 e6 8. d5
exd5 9. Nxd5 Nxd5 10. Bxd5 Qe7 11. Bd2 Nc6 12. Bxc6+ bxc6 13. Qc3 e3 14. Bxe3
Qb4 15. Bd4 Qxc3+ 16. Bxc3 Rg8 17. Nf3 Ba6 18. O-O-O Bc4 19. Rhe1+ Be6 20. Ng5
Bh6 21. Bf6 Bxg5+ 22. Bxg5 h6 23. Bxh6 Rd8 24. Bg5 Rd5 25. Rxd5 cxd5 26. Re3
Kd7 27. Ra3 Rc8+ 28. Kd2 Rc7 29. Be3 Bf5 30. Rxa7 Rxa7 31. Bxa7 Kc6 32. a4 Kb7
33. Bd4 Ka6 34. Kc3 Ka5 35. b3 Bd7 36. Bf6 Be6 37. Bd8+ Ka6 38. b4 d4+ 39. Kxd4
Bd7 40. b5+ Kb7 41. Kc5 Kc8 42. Bf6 Kb7 43. a5 Bf5 44. a6+ 1-0

[Event "Julian Mazur Memorial"]
[Site "Wellington Chess Club"]
[Date "2012.12.13"]
[Round "7"]
[White "List, Robert"]
[Black "Nijman, Brian"]
[Result "0-1"]
[WhiteElo "1539"]
[BlackElo "2157"]

1. e4 c5 2. Nf3 a6 3. d4 cxd4 4. Nxd4 Nf6 5. e5 Qa5+ 6. Nc3 Qxe5+ 7. Be2 Nc6 8.
Nf3 Qc7 9. Bg5 d6 10. Qd2 Bf5 11. Bc4 e6 12. Bb3 Be7 13. Be3 O-O 14. Nh4 Ne4
15. Nxe4 Bxe4 16. Nf3 Na5 17. Nd4 Nxb3 18. cxb3 Rac8 19. O-O Qd7 20. Rfc1 Rxc1+
21. Rxc1 Rc8 22. f3 Bg6 23. Rc3 d5 24. Qc1 Rxc3 25. bxc3 Qc7 26. Qb2 Bf6 27.
Qd2 h5 28. Ne2 b5 29. b4 Qc4 30. Bc5 Bb1 31. a3 Qd3 32. Be3 e5 33. Kf2 Qxd2 34.
Bxd2 d4 35. Ng3 g6 36. Ne4 Bxe4 37. fxe4 Kf8 38. cxd4 exd4 39. Ke2 Ke7 40. Kd3
Kd6 41. h3 Ke5 42. Bc1 Bh4 43. Bh6 f6 44. Bf8 Bf2 45. Bc5 f5 46. exf5 gxf5 47.
Bb6 Kf4 48. Bc7+ Kg5 49. Bd8+ Kg6 50. Bc7 Kf6 51. Bd8+ Ke6 52. Bg5 Kd5 53. Bf4
Be1 54. Bc7 Bc3 55. Bd8 Bb2 56. Bf6 Bxa3 57. Bxd4 Bxb4 58. Bf6 Bd6 59. Bd8 0-1

[Event "Julian Mazur Memorial"]
[Site "Wellington Chess Club"]
[Date "2012.12.13"]
[Round "7"]
[White "Roberts, Michael"]
[Black "Whittle, Jonathon"]
[Result "0-1"]
[WhiteElo "1843"]
[BlackElo "1637"]

1. d4 g6 2. c4 Bg7 3. Nc3 d6 4. e4 a6 5. Nf3 Bg4 6. Be2 Nc6 7. Be3 e5 8. d5
Bxf3 9. Bxf3 Nd4 10. h4 f5 11. Bg5 Qd7 12. h5 h6 13. Be3 g5 14. exf5 Nxf5 15.
Bg4 Nf6 16. Bh3 Rf8 17. Qf3 Ng8 18. Ne4 Qf7 19. O-O-O Nxe3 20. Qxe3 Qf4 21. Be6
Nf6 22. Ng3 Ng4 23. Qxf4 Rxf4 24. Bxg4 Rxc4+ 25. Kd2 Rxg4 26. Ke3 Kd7 27. Nf5
Bf8 28. g3 c6 29. Rd2 cxd5 30. Rxd5 Ke6 0-1

[Event "Summer Cup"]
[Site "Wellington Chess Club"]
[Date "2013.02.07"]
[Round "01"]
[White "Cook, John"]
[Black "Van der Hoorn, Mark"]
[Result "0-1"]
[WhiteElo "1646"]
[BlackElo "2165"]

1. d4 Nf6 2. e3 g6 3. Bd3 Bg7 4. Nf3 O-O 5. O-O d6 6. c4 Nbd7 7. Nc3 e5 8. Bc2
Re8 9. Re1 c6 10. e4 Qc7 11. d5 Nb6 12. b3 cxd5 13. exd5 Bg4 14. Ne4 Nxe4 15.
Bxe4 f5 16. Bc2 e4 17. Rb1 exf3 18. gxf3 Rxe1+ 19. Qxe1 Bxf3 20. Qe6+ Kh8 21.
Bf4 Nxc4 22. Rc1 Ne5 23. Bxf5 Qxc1+ 24. Bxc1 gxf5 25. h3 Be4 26. Kh2 Nf3+ 0-1

[Event "Summer Cup"]
[Site "Wellington Chess Club"]
[Date "2013.02.07"]
[Round "1"]
[White "Frater, Dylan"]
[Black "Sellen, Ian"]
[Result "0-1"]
[WhiteElo "1552"]
[BlackElo "2033"]

1. d4 e6 2. c4 d5 3. Nc3 Nf6 4. Bg5 Be7 5. e3 O-O 6. Bd3 h6 7. Bxf6 Bxf6 8. Nf3
dxc4 9. Bxc4 c5 10. O-O Nd7 11. Qc2 Nb6 12. b3 cxd4 13. exd4 Bd7 14. Rad1 Bc6
15. Ne5 Qc7 16. Rfe1 Bd5 17. Bd3 Rac8 18. Rc1 Qd6 19. Qb1 Bg5 20. Nb5 Qb8 21.
Rxc8 Rxc8 22. Qb2 a6 23. Nc3 Qc7 24. Ne2 Nd7 25. f4 Nxe5 26. dxe5 Qb6+
{#Diagram White has been out-manoevred but can keep the game going by playing
the unnatural Kf1 } 27. Kh1 $2 Qf2 $1 {Winning} 28. Rg1 Bxf4 29. Qb1 Bxh2 (
29... Bxh2 30. Qe1 Bxg1 31. Qxg1 Qh4+ 32. Qh2 Qe1+ 33. Qg1 Qd2 {winning more
material is an elegant computer variation} ) 0-1

[Event "Summer Cup"]
[Site "Wellington Chess Club"]
[Date "2013.02.07"]
[Round "1"]
[White "Ker, Anthony"]
[Black "Farrington, Lawrence"]
[Result "1-0"]
[WhiteElo "2452"]
[BlackElo "1730"]

1. e4 e6 2. d4 d5 3. e5 c5 4. c3 Nc6 5. Nf3 Qb6 6. a3 c4 7. Nbd2 f6 8. Qe2 Qc7
9. g3 fxe5 10. Nxe5 Nxe5 11. dxe5 Bc5 12. f4 b6 13. Nf3 Ne7 14. Bh3 O-O 15. Be3
Nf5 16. Bxf5 Rxf5 17. Bd4 Qe7 18. O-O Bd7 19. Rad1 Bc6 20. Qe3 h6 21. Nh4 Bxd4
22. Rxd4 Rf7 23. Ng6 Qc7 24. g4 Kh7 25. Qe2 Kg8 26. f5 Re8 27. Rdf4 Qc8
{#Diagram White has built a nice attack, with a dominant minor piece and a
growing space advantage} 28. f6 $1 {This breakthrough should be decisive} 28...
Qc7 29. Ne7+ $2 {Anthony uncharacteristically gives his opponent a chance to
get back in the game}  (29. g5 $1 {was the killer blow, simultaneously
destroying the Black king's pawn cover and opening quick access to the h file
for queen and rook} ) 29... Kh8 $2 {Lawrence returns the favour. Taking this
knight was mandatory and should have been automatic. For a modest material
investment of exchange for pawn black holds his position together and insists
on a lot more work from Anthony. Amusingly Houdini's third choice (after
capturing the knight with each rook) is capturing the knight with the queen!
Now abject slaughter ensues} 30. fxg7+ Rxg7 31. Rf8+ Rxf8 32. Rxf8+ 1-0

[Event "Summer Cup"]
[Site "Wellington Chess Club"]
[Date "2013.02.07"]
[Round "1"]
[White "Marney, John"]
[Black "Forster, Bill"]
[Result "0-1"]
[WhiteElo "1586"]
[BlackElo "2078"]

1. e4 d6 2. d4 Nf6 3. Nc3 c6 4. Nf3 Qa5 5. Be2 Nxe4 6. Bd2 Nxd2 7. Qxd2 g6 8.
O-O Bg7 9. Rfe1 O-O 10. Rad1 Nd7 11. Bc4 e6 12. Qe3 Nf6 13. Ne2 Qc7 14. Ng3 b5
15. Bd3 Bd7 16. h4 Rae8 17. Ng5 Nd5 18. Qe4 e5 19. h5 h6 20. Nh7 f5 21. Nxf5
gxf5 22. Qh4 Kxh7 23. Qg3 Nf4 0-1

[Event "Summer Cup"]
[Site "Wellington Chess Club"]
[Date "2013.02.07"]
[Round "1"]
[White "Meyer, Marany"]
[Black "Veldhuizen, Matt"]
[Result "1-0"]
[WhiteElo "2064"]
[BlackElo "1576"]

1. e4 c6 2. d3 d5 3. Nd2 dxe4 4. dxe4 Nf6 5. g3 e5 6. Qe2 Be6 7. Bg2 Nbd7 8.
Nb3 Qc7 9. Be3 Bd6 10. f3 Nb6 11. Nh3 h6 12. Nf2 Rd8 13. O-O O-O 14. Nd2 Nfd7
15. Bh3 Bxh3 16. Nxh3 Bc5 17. b3 Bb4 18. Rad1 Nf6 19. Nf2 Bd6 20. c4 Nbd7 21.
Nb1 b6 22. Nc3 Bc5 23. Nd3 Bxe3+ 24. Qxe3 c5 25. Nf2 Nb8 26. Nd5 Qd6 27. Ng4
Nxg4 28. fxg4 f6 {#Diagram Matt has played well and Marany has no objective
advantage - the d5 knight looks a lot more impressive than the b8 knight but
black can neutralise this in time by exchanging knights or playing Nd4
himself.} 29. Rd2 {So white makes a little threat} 29... Nc6 $2 {Whoops. I
wonder how much time Matt spent on this move?} 30. Nxf6+ $1 {We all know that
sinking feeling when something like this arrives unexpectedly on the board}
30... Rxf6 31. Rxd6 Rfxd6 32. g5 {Maranyi finishes the game with brutal
efficiency,} 32... Rd3 33. Qf2 hxg5 34. Qf7+ Kh7 35. Rf6 Nd4 36. Qg6+ Kg8 37.
Rf7 Ne2+ 38. Kf2 R8d7 {Unlike Lawrence, Matt recognises there is no shame in
being mated when that is the logical conclusion of the game.} 39. Qxg7# 1-0

[Event "Summer Cup"]
[Site "Wellington Chess Club"]
[Date "2013.02.07"]
[Round "1"]
[White "Miriyala, Rama Rao"]
[Black "Cunningham, Patrick"]
[Result "0-1"]
[WhiteElo "2028"]
[BlackElo "1504"]

1. e4 e5 2. Nf3 Nc6 3. Bc4 Bc5 4. c3 Nf6 5. Ng5 $2 {Puzzling play from white.}
5... O-O 6. d4 $2 {Doubling down on the previous mistake} 6... exd4 7. cxd4
Bxd4 8. Nf3 Bb6 9. Bg5 $2 {#Diagram} 9... Bxf2+ $3 {Well played, black shows he
can do more than just punish obvious mistakes} 10. Kxf2 Nxe4+ 11. Kg1 Nxg5
{Black has the pawns and the compensation, and allows his opponent no chance
at all} 12. Nc3 Nxf3+ 13. Qxf3 Ne5 $1 {Another knight fork} 14. Qf1 Nxc4 15.
Qxc4 d6 16. Re1 Be6 17. Qe4 c6 18. h4 Qb6+ 19. Kf1 Rfe8 20. Qc2 Bc4+ 21. Ne2
Qb5 22. Kf2 Qc5+ 23. Kg3 Re3+ 24. Kh2 Qe5+ 0-1

[Event "Summer Cup"]
[Site "Wellington Chess Club"]
[Date "2013.02.07"]
[Round "1"]
[White "Nijman, Brian"]
[Black "List, Robert"]
[Result "1-0"]
[WhiteElo "2153"]
[BlackElo "1626"]

1. e4 e6 2. Nf3 b6 3. c4 c5 4. Nc3 a6 5. d4 cxd4 6. Nxd4 Bb7 7. Be3 Nc6 8. Be2
g6 9. Nxc6 Bxc6 10. Qd4 f6 11. Qxb6 Qxb6 12. Bxb6 Rb8 13. c5 d6 14. Bc7 Rxb2
15. O-O-O Rxe2 16. Nxe2 d5 17. Nd4 Kd7 18. Bd6 Bxd6 19. cxd6 Ba4 20. Rd2 e5 21.
Nb3 d4 22. Nc5+ Kxd6 23. Nxa4 Ne7 24. Rb2 Rc8+ 25. Kb1 Rc4 26. Rb6+ Nc6 27. Rc1
Rb4+ 28. Rxb4 Nxb4 29. Nc5 f5 30. a3 Nc6 31. f3 h5 32. Nxa6 f4 33. Rxc6+ Kxc6
34. Nb4+ Kc5 35. Kc2 1-0

[Event "Summer Cup"]
[Site "Wellington Chess Club"]
[Date "2013.02.07"]
[Round "1"]
[White "Nyberg, Michael"]
[Black "Stone, Andrew"]
[Result "1/2-1/2"]
[WhiteElo "2062"]
[BlackElo "2027"]

1. d4 Nf6 2. Nf3 g6 3. Bf4 Bg7 4. e3 c5 5. c3 Nc6 6. dxc5 O-O 7. Be2 b6 8. cxb6
Qxb6 9. Qb3 Ba6 10. Qxb6 axb6 11. Nbd2 d5 12. Bxa6 Rxa6 13. Ne5 b5 14. Nxc6
Rxc6 15. Nb3 b4 16. Be5 Ne4 17. Bxg7 Kxg7 18. f3 Nd6 19. Nd4 Rc4 20. cxb4 e5
21. Ne2 d4 22. exd4 exd4 23. O-O d3 24. Nc3 Rxb4 25. b3 Rc8 26. Nd5 Rd4 27. Ne3
Re8 28. Kf2 f5 29. g3 g5 30. Rfe1 d2 31. Red1 Rd3 32. Nf1 g4 33. Rxd2 Rxf3+ 34.
Kg1 Ne4 35. Re2 Rd8 36. Rc1 h5 37. Ne3 Rd3 $2 38. Nxf5+ $1 Rxf5 39. Rxe4 Rd2
40. Rc7+ (40. Re7+ Kf6 41. Rce1 Rff2 42. R1e6+ Kf5 43. Rf7+ Kxe6 44. Rxf2 $18)
40... Kf6 41. Rc6+ $6 (41. Rce7) 41... Kg5 42. Rf4 (42. Rce6) 42... Rxf4 43.
gxf4+ Kxf4 44. Rc4+ $11 Kf3 45. Rc3+ Kf4 46. a4 Rd1+ 47. Kf2 Rd2+ 48. Kf1 $2
Rxh2 49. Rc4+ Kf3 50. Rc3+ Kf4 51. b4 $4 (51. Rc4+ Kf3 52. Rc3+ $11) 51... g3
52. Rb3 {Mate in 17, if Black can find the moves!} 52... Rh1+ $4 (52... h4 53.
Rc3 Rf2+ 54. Kg1 h3 55. Rc4+ Kf3 56. Rc3+ Kg4 57. Rc4+ Rf4 58. Rc2 Re4 59. Kf1
Kf3 60. Rc3+ Re3 61. Rxe3+ Kxe3 62. Ke1 h2 63. Kd1 h1=Q+) 53. Kg2 Rh2+ 54. Kg1
h4 55. b5 Ra2 56. b6 h3 57. Rb1 $4 {#Diagram After many previous adventures,
Black can win simply by ...h2+ and ...Kg4 with the unanswerable threat of
...Kh3 and ...g2 mate. Not seeing this (presumably in time trouble by this
stage) Andrew draws with a perpetual.}
57... Rg2+ $4 (57... h2+ 58. Kh1 Kg4 59. Rb4+ Kh3 60. Rh4+ Kxh4 61. b7 Ra1+ 62.
Kg2 h1=Q#) 58. Kh1 Rh2+ 59. Kg1 Rg2+ $11 1/2-1/2

[Event "Summer Cup"]
[Site "Wellington Chess Club"]
[Date "2013.02.07"]
[Round "1"]
[White "Reedy, Brendan"]
[Black "Sknar, Andrew"]
[Result "1-0"]
[WhiteElo "2014"]
[BlackElo "1427"]

1. d4 d5 2. c4 Nf6 3. Nc3 e6 4. Bg5 Be7 5. Nf3 h6 6. Bh4 Ne4 7. Bxe7 Qxe7 8. e3
O-O 9. Bd3 Nc6 10. Nxe4 dxe4 11. Bxe4 Qb4+ 12. Nd2 Rd8 13. Qb3 Qe7 14. Bxc6
bxc6 15. Nf3 Ba6 16. Qa4 Bb7 17. c5 a6 18. O-O f6 19. Qc4 a5 20. Qc3 Ba6 21.
Rfe1 Qf7 22. a4 g5 23. Nd2 e5 24. Nb3 h5 25. Nxa5 Qe8 26. b4 h4 27. Red1 e4 28.
d5 Rxd5 29. Rxd5 cxd5 30. b5 Bc8 31. Nc6 Kg7 32. Qd4 Be6 33. Nb4 Rd8 34. c6 g4
35. Na6 Qe7 36. Nc5 g3 37. fxg3 hxg3 38. hxg3 Kg6 39. Rf1 f5 40. Rf4 Rg8 41.
Qe5 Kf7 42. Nxe6 Qa3 43. Rxf5+ Ke8 44. Nxc7+ Kd8 45. Ne6+ Ke8 46. Nc5+ Kd8 47.
Qd6+ Kc8 48. Qd7+ 1-0

[Event "Summer Cup"]
[Site "Wellington Chess Club"]
[Date "2013.02.07"]
[Round "1"]
[White "Roberts, Michael"]
[Black "Scott-Howman, Zack"]
[Result "1-0"]
[WhiteElo "1839"]
[BlackElo "1290"]

1. e4 e5 2. Nf3 Nc6 3. Bb5 a6 4. Ba4 Nf6 5. O-O Nxe4 6. d4 exd4 7. Re1 d5 8.
Nxd4 Bd7 9. Nxc6 bxc6 10. f3 Bc5+ 11. Kh1 Bf2 12. fxe4 Bxe1 13. Qxe1 Qe7 14.
Qc3 Qxe4 15. Bxc6 d4 16. Bxe4 dxc3 17. Bxa8 cxb2 18. Bxb2 O-O 19. Bf3 Re8 20.
Nc3 Re3 21. Rd1 Be8 22. Nd5 Re6 23. Nxc7 Re7 24. Nxe8 Rxe8 25. Bc6 Rf8 26. Ba3
Rb8 27. Be7 h6 28. Rd8+ 1-0

[Event "Summer Cup"]
[Site "Wellington Chess Club"]
[Date "2013.02.07"]
[Round "1"]
[White "Sampathkumar, Shyamkumar"]
[Black "Pandey, Alok"]
[Result "0-1"]
[WhiteElo "1137"]
[BlackElo "1833"]

1. e4 c5 2. Nf3 g6 3. d4 cxd4 4. Nxd4 Bg7 5. Nc3 Nc6 6. Be3 Nf6 7. Nxc6 bxc6 8.
Bc4 O-O 9. e5 Ne8 10. Bd4 c5 11. Qf3 cxd4 12. Nb5 Rb8 13. O-O-O d5 14. Rxd4 Qa5
15. Qxd5 Be6 16. Qc5 Bxc4 17. Qxc4 {and White resigned in a few more moves} 0-1